|
|
|
|
| LEADER |
01633nam a2200325 a 4500 |
| 001 |
39401 |
| 003 |
BD-DhAAL |
| 008 |
220817t2012 nyu b 001 0 eng d |
| 999 |
|
|
|c 44463
|d 44463
|
| 010 |
|
|
|a 2010030167
|
| 020 |
|
|
|a 9781107624559 (paperback)
|
| 020 |
|
|
|a 9780521191074 (hardback : alk. paper)
|
| 040 |
|
|
|a DLC
|c DLC
|d DLC
|d BD-DhAAL
|
| 042 |
|
|
|a pcc
|
| 050 |
0 |
0 |
|a KZ7155
|b .G35 2010
|
| 082 |
0 |
0 |
|a 345.025
|2 22
|
| 100 |
1 |
|
|a Gallagher, Anne,
|c High Commissioner.
|9 50917
|
| 245 |
1 |
4 |
|a The international law of human trafficking /
|c Anne T. Gallagher.
|
| 260 |
|
|
|a New York :
|b Cambridge University Press,
|c 2012.
|
| 300 |
|
|
|a lviii, 535 pages ;
|c 24 cm.
|
| 504 |
|
|
|a Includes bibliographical references and index.
|
| 505 |
0 |
|
|a The international legal definition -- The international legal framework -- Specific legal issues -- State responsibility for trafficking -- Obligations of protection and support -- Obligations related to repatriation and remedies -- Obligations of an effective criminal justice response -- Obligations to prevent trafficking and respond lawfully -- Issues of compliance, implementation, and effectiveness.
|
| 526 |
|
|
|a SOL
|
| 541 |
|
|
|a Trim Education
|e 39401
|
| 650 |
|
0 |
|a Human trafficking.
|9 50918
|
| 650 |
|
0 |
|a Human trafficking
|x Prevention
|x International cooperation.
|9 50919
|
| 650 |
|
0 |
|a Law.
|9 50920
|
| 852 |
|
|
|a Ayesha Abed Library
|c General Stacks
|
| 942 |
|
|
|2 ddc
|c BK
|
| 952 |
|
|
|0 0
|1 0
|2 ddc
|4 0
|6 345_025000000000000_GAL
|7 0
|9 71666
|a BRACUL
|b BRACUL
|c GEN
|d 2022-08-16
|e Trim Education
|g 4510.00
|l 1
|m 4
|o 345.025 GAL
|p 3010039401
|r 2024-10-21
|s 2024-09-17
|t 1
|v 4510.00
|w 2022-08-16
|y BK
|x Funded by UNHCR
|